| 000 | 00903nam a22002297a 4500 | ||
|---|---|---|---|
| 999 |
_c5809 _d5809 |
||
| 003 | AR-CdUCM | ||
| 008 | 190313b ||||| |||| 00| 0 spa d | ||
| 040 |
_aMUNICIPALIDAD PROVINCIAL DEL CUSCO _cBIBLIOTECA MUNICIPAL DEL CUSCO |
||
| 041 | _hita | ||
| 082 |
_a937 / _bF43 |
||
| 100 |
_aFerrero, Guglielmo _917220 |
||
| 245 | _aGrandeza y decadencia de Roma / | ||
| 260 |
_aBuenos Aires : _bEdiciones Siglo veinte, _c1952. |
||
| 300 |
_a6 tomos ; _c20 cm. |
||
| 505 | _aContenido: t.1: La conquista -- t.2: Julio Cesar -- t.3: Fin de una aristocracia -- t.4: Antonio y Cleopatra -- t.6 -- El Egipto de occidente -- La gran crisis de las provincias europeas -- La conquista de GermanÃa -- Augusto y el gran imperio ... | ||
| 650 |
_aHistoria _9136 |
||
| 650 |
_aRoma _92474 |
||
| 650 |
_aConquista _91045 |
||
| 700 |
_aAparicio, Giges M. (traducción) _917221 |
||
| 942 |
_2ddc _cLIBROS |
||
| 945 | _aacv | ||